000 00287 a2200145 4500
001 169851
020 _a
040 _cMagnum
100 _aRogers, Carl R.
240 1 0 _aTornar-se pessoa
_lpor
245 1 0 _aTornar-se pessoa
362 0 _a1899
697 _aPSICOLOGIA
942 _cBK
999 _c169851
_d169851